[Event "Estonian-ch Open 2020"]
[Site "Paul Kerese Malemaja"]
[Date "2020.08.13"]
[Round "6.5"]
[White "Seeman, Tarvo"]
[Black "Chukavin, Kirill"]
[Result "0-1"]
[WhiteElo "2415"]
[BlackElo "2348"]
[Annotator "ChessBase"]
[PlyCount "88"]
[EventDate "2020.08.09"]
[EventCountry "EST"]
[SourceTitle "playchess.com"]
[Source "ChessBase"]
[SourceQuality "1"]
[TimeControl "40/5400+30:900+30"]

1. Nf3 {[%emt 0:00:00]} Nf6 {[%emt 0:00:00]} 2. g3 {[%emt 0:00:00]} d5 {[%emt 0:00:00]} 3. Bg2 {[%emt 0:00:04]} e6 {[%emt 0:00:01]} 4. c4 {[%emt 0:00:39]} Be7 {[%emt 0:00:14]} 5. d4 {[%emt 0:00:30]} O-O {[%emt 0:00:13]} 6. Nc3 {[%emt 0:00:06]} dxc4 {[%emt 0:00:11]} 7. Ne5 {[%emt 0:00:12]} c5 {[%emt 0:00:12]} 8. dxc5 {[%emt 0:00:14]} Qxd1+ {[%emt 0:00:09]} 9. Nxd1 {[%emt 0:00:08]} Bxc5 {[%emt 0:00:08]} 10. Bd2 {[%emt 0:00:30]} Nc6 {[%emt 0:11:03]} 11. Bxc6 {[%emt 0:00:29]} bxc6 {[%emt 0:00:07]} 12. Rc1 {[%emt 0:00:20]} Ba6 {[%emt 0:04:37]} 13. Nxc4 {[%emt 0:03:01]} Rac8 {[%emt 0:06:56]} 14. O-O {[%emt 0:17:45]} Rfd8 {[%emt 0:02:35]} 15. Be3 {[%emt 0:00:48]} Bxe3 {[%emt 0:02:18]} 16. Ndxe3 {[%emt 0:01:18]} Nd5 {[%emt 0:00:41]} 17. Rfd1 {[%emt 0:14:13]} Nxe3 {[%emt 0:05:53]} 18. Rxd8+ {[%emt 0:00:37]} Rxd8 {[%emt 0:00:05]} 19. fxe3 {[%emt 0:00:34]} g6 {[%emt 0:21:30]} 20. Kf2 {[%emt 0:00:54]} Rd5 {[%emt 0:01:25]} 21. b3 {[%emt 0:02:16]} Rf5+ {[%emt 0:06:24]} 22. Kg2 {[%emt 0:01:20]} Rc5 {[%emt 0:02:43]} 23. Kf3 {[%emt 0:02:08]} Kg7 {[%emt 0:09:55]} 24. Rc2 {[%emt 0:04:20]} Kf6 {[%emt 0:10:08]} 25. Na3 {[%emt 0:00:45]} Rxc2 {[%emt 0:00:58]} 26. Nxc2 {[%emt 0:00:07]} c5 {[%emt 0:00:55]} 27. Kf2 {[%emt 0:08:15]} Kf5 {[%emt 0:01:21]} 28. b4 {[%emt 0:07:02]} c4 {[%emt 0:04:09]} 29. a4 {[%emt 0:06:01]} c3 {[%emt 0:04:10]} 30. b5 {[%emt 0:06:38]} Bb7 {[%emt 0:00:05]} 31. a5 {[%emt 0:00:22]} Ke5 {[%emt 0:01:38]} 32. b6 {[%emt 0:11:07]} a6 {[%emt 0:00:22]} 33. e4 {[%emt 0:00:40]} Kxe4 {[%emt 0:00:58]} 34. g4 {[%emt 0:00:59]} g5 {[%emt 0:01:09]} 35. Ne1 {[%emt 0:00:38]} Kd4 {[%emt 0:01:49]} 36. Nf3+ {[%emt 0:00:17]} Kc4 {[%emt 0:00:14]} 37. Ke3 {[%emt 0:00:50]} Kb3 {[%emt 0:01:20]} 38. Kd3 {[%emt 0:01:16]} Kb2 {[%emt 0:00:41]} 39. Ne1 {[%emt 0:00:44]} f5 {[%emt 0:00:34]} 40. h3 {[%emt 0:00:00]} Be4+ {[%emt 0:00:00]} 41. Kd4 {[%emt 0:02:00]} c2 {[%emt 0:04:03]} 42. Nxc2 {[%emt 0:04:08]} Kxc2 {[%emt 0:00:11]} 43. Ke5 {[%emt 0:00:19]} Kd2 {[%emt 0:00:35]} 44. Kxe6 {[%emt 0:00:04]} f4 {[%emt 0:00:30]} 0-1

[Event "Estonian-ch Open 2020"]
[Site "Paul Kerese Malemaja"]
[Date "2020.08.14"]
[Round "7.1"]
[White "Chukavin, Kirill"]
[Black "Volodin, Aleksandr"]
[Result "0-1"]
[WhiteElo "2348"]
[BlackElo "2497"]
[Annotator "TA"]
[PlyCount "100"]
[EventDate "2020.08.09"]
[EventCountry "EST"]
[SourceTitle "playchess.com"]
[Source "ChessBase"]
[SourceQuality "1"]

{[%evp 23,100,13,17,22,22,22,43,44,43,27,53,64,66,2,81,45,39,48,37,18,68,16,36,-18,33,-42,-9,-6,0,0,50,39,43,-18,53,0,27,-16,0,-78,-74,-103,-99,-144,-138,-219,-190,-285,-278,-252,-272,-291,-198,-213,-139,-256,-264,-254,-222,-559,-573,-545,-439,-410,-411,-1077,-1064,-1072,-1029,-972,-835,-1069,-1049,-29975,-29976,-29962,-29953,-29987,-5601]} 1. e4 c5 2. Nf3 Nc6 3. d4 cxd4 4. Nxd4 e6 5. Nc3 Qc7 6. Be2 Nf6 7. O-O a6 8. Be3 Be7 9. f4 d6 10. a4 O-O 11. Kh1 Rb8 12. Bf3 Na5 13. Qe2 {[#] B85: Sicilian Scheveningen: 6 Be2 a6, lines with early Be3.} Nc6 $146 ({Predecessor:} 13... Re8 14. Rad1 Bf8 15. Qf2 Nc4 16. Bc1 e5 17. Nde2 b5 18. axb5 axb5 19. fxe5 dxe5 20. Ng3 b4 {1-0 (54) Lioe,D (2378)-Sharavdorj,D (2441) Jakarta 2001}) 14. Qf2 Bd7 15. Nb3 {White is slightly better.} b6 16. g4 Bc8 17. g5 Nd7 18. Bg2 (18. h4 $14) 18... Re8 (18... f6 $1 $11) 19. Qh4 b5 20. axb5 axb5 21. Rf3 Nf8 22. Raf1 (22. Bf1 $14) 22... Bd8 23. Nd4 (23. Ne2 $14) 23... Ba6 (23... b4 $11 24. Nce2 Nxd4 25. Nxd4 Qc4) 24. Ra1 ({White should try} 24. f5 $14 Nxd4 25. Bxd4) 24... Qc8 25. Nce2 Nxd4 26. Nxd4 b4 27. f5 {And now f6 would win.} e5 28. Nb3 (28. Ne6 $14 Nxe6 29. fxe6 Rxe6 30. Bh3 {[%mdl 64] Skewer}) 28... Bb7 (28... Be2 $11 29. Rh3 Qxc2 {[%mdl 64] Double Attack}) 29. Rf2 (29. Rc1 $1 $14) 29... Ra8 (29... h6 $5) 30. Rc1 Ra2 31. c4 (31. f6 $11) 31... bxc3 $1 $17 {White is on the road to losing.} 32. Rxc3 {[#]} Qa8 $1 33. Nc1 Ra4 {aiming for ...Ba5.} 34. b3 (34. Qg4 $17) 34... Rxe4 $19 35. Bxe4 (35. Qh3 $142) 35... Bxe4+ 36. Kg1 {[#]} d5 $1 37. Ra2 Qb8 38. f6 Bb1 39. Ra1 (39. Qa4 $17 {was called for.} Re6 40. Ra1) 39... d4 {Hoping for ...Bg6.} 40. Rxb1 dxc3 41. Qc4 $2 (41. Ne2 {was the crucial defense.}) 41... Bb6 42. Qxc3 Rc8 43. Qd2 Rd8 44. Qe1 (44. Nd3 $142 Ne6 45. Bxb6 Qxb6+ 46. Qf2) 44... Bxe3+ {[%mdl 64] Overworked Piece} 45. Qxe3 Rd1+ 46. Kf2 Qc8 47. Ra1 Qg4 {Strongly threatening ...Qg1+.} 48. fxg7 Qg1+ {[%mdl 64] Double Attack. Black mates.} 49. Kf3 {[#]} e4+ $1 {[%mdl 576] Decoy} 50. Kxe4 (50. Qxe4 Qh1+) 50... Qg4+ {Accuracy: White = 34%, Black = 68%.} (50... Qg2+ $142 51. Qf3 Re1+ 52. Kd4 Ne6+ {[%mdl 64] Double Attack} 53. Kc3 Qxf3+ 54. Kb4 Qe4+ 55. Ka3 Nd4 56. Kb4 Kxg7 57. g6 Qc6 58. Ra2 Re5 59. gxh7 Qc5+ 60. Ka4 Qa5#) 0-1

[Event "Estonian-ch Open 2020"]
[Site "Paul Kerese Malemaja"]
[Date "2020.08.14"]
[Round "7.2"]
[White "Sepp, Olav"]
[Black "Seeman, Tarvo"]
[Result "1-0"]
[WhiteElo "2410"]
[BlackElo "2415"]
[Annotator "ChessBase"]
[PlyCount "73"]
[EventDate "2020.08.09"]
[EventCountry "EST"]
[SourceTitle "playchess.com"]
[Source "ChessBase"]
[SourceQuality "1"]
[TimeControl "40/5400+30:900+30"]

1. c4 {[%emt 0:00:00]} e5 {[%emt 0:05:08]} 2. Nc3 {[%emt 0:00:00]} Nc6 {[%emt 0:02:39]} 3. g3 {[%emt 0:06:37]} g6 {[%emt 0:12:33]} 4. Bg2 {[%emt 0:00:19]} Bg7 {[%emt 0:00:04]} 5. Rb1 {[%emt 0:08:49]} a5 {[%emt 0:05:09]} 6. a3 {[%emt 0:01:00]} f5 {[%emt 0:01:26]} 7. d3 {[%emt 0:04:13]} Nf6 {[%emt 0:00:25]} 8. e3 {[%emt 0:00:48]} O-O {[%emt 0:03:13]} 9. Nge2 {[%emt 0:00:12]} d6 {[%emt 0:00:43]} 10. O-O {[%emt 0:00:26]} g5 {[%emt 0:03:42]} 11. f4 {[%emt 0:03:00]} exf4 {[%emt 0:04:18]} 12. exf4 {[%emt 0:01:41]} g4 {[%emt 0:01:04]} 13. d4 {[%emt 0:00:18]} Ne7 {[%emt 0:00:50]} 14. d5 {[%emt 0:00:25]} c5 {[%emt 0:07:29]} 15. dxc6 {[%emt 0:02:12]} bxc6 {[%emt 0:00:35]} 16. Be3 {[%emt 0:07:39]} Be6 {[%emt 0:01:57]} 17. b3 {[%emt 0:08:33]} Re8 {[%emt 0:07:07]} 18. Qc2 {[%emt 0:03:03]} Qc7 {[%emt 0:09:12]} 19. Nd4 {[%emt 0:03:12]} Bd7 {[%emt 0:00:56]} 20. Qd3 {[%emt 0:10:53]} h5 {[%emt 0:02:40]} 21. Rfd1 {[%emt 0:02:58]} h4 {[%emt 0:02:07]} 22. Bf2 {[%emt 0:02:16]} h3 {[%emt 0:03:54]} 23. Bh1 {[%emt 0:00:04]} d5 {[%emt 0:03:06]} 24. cxd5 {[%emt 0:11:47]} cxd5 {[%emt 0:02:49]} 25. Ndb5 {[%emt 0:00:17]} Bxb5 {[%emt 0:01:55]} 26. Nxb5 {[%emt 0:00:09]} Qd7 {[%emt 0:01:01]} 27. Nc3 {[%emt 0:07:46]} Rad8 {[%emt 0:04:05]} 28. Bd4 {[%emt 0:01:42]} Kh8 {[%emt 0:04:30]} 29. b4 {[%emt 0:03:20]} axb4 {[%emt 0:00:16]} 30. axb4 {[%emt 0:00:01]} Qe6 {[%emt 0:02:41]} 31. b5 {[%emt 0:01:49]} Ne4 {[%emt 0:00:06]} 32. Bxg7+ {[%emt 0:00:39]} Kxg7 {[%emt 0:00:05]} 33. Qd4+ {[%emt 0:00:16]} Kg6 {[%emt 0:01:16]} 34. Ra1 {[%emt 0:03:46]} Kh5 {[%emt 0:04:09]} 35. Ra6 {[%emt 0:02:05]} Qc8 {[%emt 0:00:14]} 36. Bxe4 {[%emt 0:03:11]} dxe4 {[%emt 0:00:23]} 37. Qg7 {[%emt 0:00:14]} 1-0

[Event "Estonian-ch Open 2020"]
[Site "Paul Kerese Malemaja"]
[Date "2020.08.14"]
[Round "7.3"]
[White "Kiik, Kalle"]
[Black "Shishkov, Andrei"]
[Result "1-0"]
[WhiteElo "2386"]
[BlackElo "2390"]
[Annotator "TA"]
[PlyCount "113"]
[EventDate "2020.08.09"]
[EventCountry "EST"]
[SourceTitle "playchess.com"]
[Source "ChessBase"]
[SourceQuality "1"]

{[%evp 9,113,20,20,18,25,4,27,33,33,16,24,33,43,25,30,25,28,35,23,33,32,37,97,-40,-33,-25,19,0,26,29,66,48,38,50,72,25,46,55,50,0,60,50,47,29,24,13,20,15,41,29,45,14,15,0,0,0,1,0,0,0,47,46,77,85,76,76,112,106,222,214,324,318,427,425,422,413,670,645,590,579,439,242,330,289,410,399,1672,1528,1086,1069,4775,3014,29979,29980,29980,29980,29982,29983,29983,29984,29984,29983,29985,29986,29991,29992]} 1. e4 c6 2. d4 d5 3. e5 c5 4. dxc5 e6 5. Nf3 Bxc5 6. Bd3 {B12: Caro-Kann: Advance Variation.} Nc6 7. a3 Nge7 (7... Qc7 {with more complications.} 8. Bf4 Nge7 9. Bg3 h6 10. O-O a6) 8. b4 {White has an edge.} Bb6 9. O-O Ng6 10. Bb2 O-O 11. Re1 f6 12. exf6 gxf6 13. c4 dxc4 14. Bxc4 Qxd1 15. Rxd1 Nce5 {[#]} (15... Kh8 $14) 16. Bb3 $146 (16. Nxe5 $16 fxe5 17. Rd2) ({Predecessor:} 16. Nxe5 Nxe5 17. Bb3 Kg7 18. Nc3 Bd7 19. Ne4 Bc6 20. Nd6 Ng4 21. Bd4 e5 22. Bxb6 axb6 {1-0 (35) Pershin,D (2397)-Zabolotnov,E (2064) St Petersburg 2018}) 16... Nxf3+ $15 17. gxf3 Kf7 18. Nc3 Ke7 19. a4 $36 {[%mdl 2048] White is more active.} Ne5 20. b5 {Black must now prevent Ba3+.} Nxf3+ 21. Kf1 Rd8 {[#] ...Nd2+ is the strong threat.} 22. Rxd8 (22. Ne4 $5 {[%cal Rb2f6]} Rxd1+ 23. Rxd1 $14) 22... Kxd8 23. Rd1+ Kc7 24. Ba2 Nxh2+ ({Black should try} 24... a6 $11) 25. Ke2 $1 $14 {Threatens to win with Rh1.} Ng4 26. f3 {[%mdl 1024] White has compensation.} (26. Ne4 $5 {[%cal Re4f6]} Kb8 27. Rh1 $16 (27. Nxf6 Nxf6 28. Bxf6 a6 $14)) 26... Ne3 27. Rc1 Kd8 28. Rg1 Nf5 29. Rg8+ Kc7 30. Ne4 Bd4 31. Ba3 Rb8 32. Rh8 Bd7 33. Rxh7 {Strongly threatening Bxe6.} Re8 34. Kd3 b6 35. Rf7 Be5 36. Nxf6 {White leaves nothing to chance now.} Bxf6 37. Rxf6 Kc8 38. Ke4 Kc7 (38... Kb8 $16 39. f4 a6 40. bxa6 Bxa4 41. Rxe6 Ng3+ 42. Ke5 Rxe6+ 43. Bxe6 Bb5) 39. f4 $18 Ng3+ (39... Kb7 {was necessary.} 40. Rf7 Kc8) 40. Ke5 Ne2 41. Bd6+ Kc8 42. Bb4 Ng3 (42... Rh8 $142 43. Rf7 Re8) 43. Rf8 Rxf8 44. Bxf8 {[%mdl 4096] Endgame KBB-KBN} Ne2 45. Bh6 (45. Bd6 $142) 45... Nc3 {[#]} 46. Bb3 $1 ({Weaker is} 46. Bxe6 Nxa4 47. Bc4 Bh3 $16) 46... Kc7 (46... a6 $142 47. bxa6 Kb8 48. Bxe6 Bxe6) 47. Bf8 Kb7 $2 (47... Kd8 48. Bd6 (48. Bxe6 Nxa4 49. f5 Bxb5 $16) 48... Ke8) 48. Bxe6 Be8 49. Bb3 a6 50. Bb4 axb5 51. Bxc3 {White mates.} bxa4 52. Bd5+ Kc7 53. Bb4 Bh5 54. f5 Kd7 55. Bc4 Bd1 56. f6 Bb3 57. f7 {Accuracy: White = 83%, Black = 45%.} 1-0

[Event "Estonian-ch Open 2020"]
[Site "Paul Kerese Malemaja"]
[Date "2020.08.14"]
[Round "7.4"]
[White "Kulaots, Kaido"]
[Black "Haitin, Ilja"]
[Result "1-0"]
[WhiteElo "2524"]
[BlackElo "2357"]
[Annotator "ChessBase"]
[PlyCount "81"]
[EventDate "2020.08.09"]
[EventCountry "EST"]
[SourceTitle "playchess.com"]
[Source "ChessBase"]
[SourceQuality "1"]
[TimeControl "40/5400+30:900+30"]

1. e4 {[%emt 0:00:00]} d6 {[%emt 0:00:00]} 2. d4 {[%emt 0:00:00]} Nf6 {[%emt 0:00:00]} 3. Nc3 {[%emt 0:00:31]} e5 {[%emt 0:00:00]} 4. Nf3 {[%emt 0:00:21]} Nbd7 {[%emt 0:00:00]} 5. Bc4 {[%emt 0:00:29]} Be7 {[%emt 0:00:00]} 6. O-O {[%emt 0:00:09]} O-O {[%emt 0:00:02]} 7. a4 {[%emt 0:00:30]} c6 {[%emt 0:00:08]} 8. h3 {[%emt 0:01:23]} h6 {[%emt 0:00:11]} 9. Re1 {[%emt 0:01:01]} Re8 {[%emt 0:00:07]} 10. Be3 {[%emt 0:00:41]} Qc7 {[%emt 0:00:08]} 11. d5 {[%emt 0:00:56]} Nb6 {[%emt 0:12:43]} 12. Bb3 {[%emt 0:04:27]} cxd5 {[%emt 0:01:33]} 13. exd5 {[%emt 0:05:43]} a6 {[%emt 0:06:10]} 14. Qd3 {[%emt 0:09:52]} Nbd7 {[%emt 0:02:23]} 15. a5 {[%emt 0:00:42]} Bd8 {[%emt 0:07:21]} 16. Nd2 {[%emt 0:08:23]} Nc5 {[%emt 0:01:24]} 17. Qc4 {[%emt 0:07:57]} Nxb3 {[%emt 0:00:49]} 18. Qxb3 {[%emt 0:07:14]} Bf5 {[%emt 0:12:41]} 19. Bb6 {[%emt 0:04:19]} Qd7 {[%emt 0:00:49]} 20. Nc4 {[%emt 0:01:46]} Rb8 {[%emt 0:06:36]} 21. Rac1 {[%emt 0:11:10]} Bxb6 {[%emt 0:03:39]} 22. Nxb6 {[%emt 0:03:21]} Qc7 {[%emt 0:01:23]} 23. Qb4 {[%emt 0:00:18]} Bg6 {[%emt 0:12:04]} 24. Re3 {[%emt 0:08:52]} Nh5 {[%emt 0:02:42]} 25. Ne2 {[%emt 0:01:19]} f5 {[%emt 0:02:01]} 26. c4 {[%emt 0:04:10]} f4 {[%emt 0:06:39]} 27. Rec3 {[%emt 0:00:03]} Qe7 {[%emt 0:07:23]} 28. c5 {[%emt 0:00:47]} dxc5 {[%emt 0:00:23]} 29. Qxc5 {[%emt 0:00:25]} Qg5 {[%emt 0:00:40]} 30. d6 {[%emt 0:01:12]} Rbd8 {[%emt 0:02:52]} 31. d7 {[%emt 0:07:36]} Rf8 {[%emt 0:00:02]} 32. f3 {[%emt 0:03:49]} Nf6 {[%emt 0:08:05]} 33. Rd1 {[%emt 0:02:32]} Ne4 {[%emt 0:04:41]} 34. Qd5+ {[%emt 0:03:13]} Kh7 {[%emt 0:00:01]} 35. Rc8 {[%emt 0:00:25]} Rxd7 {[%emt 0:01:17]} 36. Qxd7 {[%emt 0:00:49]} Bf5 {[%emt 0:00:22]} 37. Rxf8 {[%emt 0:01:11]} Bxd7 {[%emt 0:00:32]} 38. Nxd7 {[%emt 0:00:02]} Ng3 {[%emt 0:00:37]} 39. Nc3 {[%emt 0:00:33]} Nf5 {[%emt 0:00:29]} 40. Ne4 {[%emt 0:00:00]} Qg6 {[%emt 0:00:00]} 41. Ndf6+ {[%emt 0:02:31]} 1-0

[Event "Estonian-ch Open 2020"]
[Site "Paul Kerese Malemaja"]
[Date "2020.08.14"]
[Round "7.5"]
[White "Kanep, Meelis"]
[Black "Vorobjov, Pavel"]
[Result "1/2-1/2"]
[WhiteElo "2465"]
[BlackElo "2269"]
[Annotator "ChessBase"]
[PlyCount "67"]
[EventDate "2020.08.09"]
[EventCountry "EST"]
[SourceTitle "playchess.com"]
[Source "ChessBase"]
[SourceQuality "1"]
[TimeControl "40/5400+30:900+30"]

1. d4 {[%emt 0:00:00]} Nf6 {[%emt 0:00:00]} 2. c4 {[%emt 0:00:00]} g6 {[%emt 0:00:06]} 3. Nc3 {[%emt 0:00:02]} Bg7 {[%emt 0:00:07]} 4. Nf3 {[%emt 0:00:10]} O-O {[%emt 0:00:25]} 5. g3 {[%emt 0:00:05]} d6 {[%emt 0:00:17]} 6. Bg2 {[%emt 0:00:07]} Nc6 {[%emt 0:00:59]} 7. O-O {[%emt 0:01:40]} a6 {[%emt 0:00:38]} 8. Bf4 {[%emt 0:00:15]} Nh5 {[%emt 0:04:55]} 9. Be3 {[%emt 0:01:46]} e5 {[%emt 0:02:40]} 10. dxe5 {[%emt 0:02:15]} Nxe5 {[%emt 0:00:45]} 11. Nxe5 {[%emt 0:00:31]} Bxe5 {[%emt 0:00:23]} 12. c5 {[%emt 0:02:10]} c6 {[%emt 0:07:28]} 13. cxd6 {[%emt 0:04:45]} Qxd6 {[%emt 0:00:57]} 14. Qc1 {[%emt 0:03:51]} Qb4 {[%emt 0:03:21]} 15. a3 {[%emt 0:20:37]} Qc4 {[%emt 0:03:13]} 16. Bh6 {[%emt 0:09:26]} Re8 {[%emt 0:02:11]} 17. e4 {[%emt 0:02:39]} Nf6 {[%emt 0:01:52]} 18. h3 {[%emt 0:01:08]} a5 {[%emt 0:06:30]} 19. Rd1 {[%emt 0:04:57]} b5 {[%emt 0:05:57]} 20. Qe3 {[%emt 0:14:58]} Be6 {[%emt 0:08:08]} 21. Bf4 {[%emt 0:10:29]} Bxf4 {[%emt 0:12:15]} 22. Qxf4 {[%emt 0:00:02]} Nh5 {[%emt 0:00:25]} 23. Qe3 {[%emt 0:04:55]} b4 {[%emt 0:01:01]} 24. Ne2 {[%emt 0:02:39]} Qb3 {[%emt 0:02:07]} 25. Qc1 {[%emt 0:01:17]} c5 {[%emt 0:01:18]} 26. Qxc5 {[%emt 0:07:34]} Qxb2 {[%emt 0:00:15]} 27. Nd4 {[%emt 0:00:28]} bxa3 {[%emt 0:02:48]} 28. Nxe6 {[%emt 0:03:06]} Rxe6 {[%emt 0:01:05]} 29. Rxa3 {[%emt 0:00:18]} Nf6 {[%emt 0:07:48]} 30. Rxa5 {[%emt 0:00:32]} Rae8 {[%emt 0:00:06]} 31. Ra4 {[%emt 0:02:13]} Qe2 {[%emt 0:01:30]} 32. Rf1 {[%emt 0:00:32]} Nxe4 {[%emt 0:00:28]} 33. Bxe4 {[%emt 0:00:03]} Rxe4 {[%emt 0:00:11]} 34. Rxe4 {[%emt 0:00:13]} 1/2-1/2

[Event "Estonian-ch Open 2020"]
[Site "Paul Kerese Malemaja"]
[Date "2020.08.15"]
[Round "8.1"]
[White "Volodin, Aleksandr"]
[Black "Vorobjov, Pavel"]
[Result "1/2-1/2"]
[WhiteElo "2497"]
[BlackElo "2269"]
[Annotator "TA"]
[PlyCount "148"]
[EventDate "2020.08.09"]
[EventCountry "EST"]
[SourceTitle "playchess.com"]
[Source "ChessBase"]
[SourceQuality "1"]

{[%evp 10,148,19,10,33,26,77,72,70,69,92,81,81,71,69,74,89,95,102,96,100,68,97,94,95,77,86,95,81,67,68,69,72,72,110,66,73,51,48,54,74,55,98,67,84,69,66,33,59,62,60,60,64,39,38,35,39,43,45,50,60,60,101,58,65,58,106,53,58,59,72,75,64,61,58,37,35,56,137,4,218,226,323,292,274,111,102,113,110,105,165,152,197,0,0,0,0,-8,0,-12,-3,-63,-63,-63,-63,-48,-61,-151,0,0,0,0,0,0,0,0,0,0,0,0,0,0,0,0,0,0,0,0,0,0,0,0,0,0,0,0,0,0,0,0,0]} 1. d4 d5 2. c4 c6 3. Nf3 Nf6 4. Qc2 g6 5. Bf4 Bg7 6. e3 Nh5 {D11: Slav Defence: 3 Nf3 sidelines and 3...Nf6 4 e3 Bg4.} 7. Be5 f6 (7... Nf6 $11 {keeps the balance.}) 8. Bxb8 $16 Rxb8 {White is better.} 9. cxd5 Qxd5 {[#]} 10. Bc4 $146 ({Predecessor:} 10. Nc3 Qd6 11. Bc4 Bf5 12. Qe2 Bh6 13. Nd2 Ng7 14. g4 Bd7 15. h4 Ne6 16. Nde4 {1-0 (36) Arnaudov,P (2199)-Wilschut,P (2209) Maastricht 2009}) 10... Qd6 11. Nbd2 {[%cal Bb1d2,Bd2c4,Bc4e5][%mdl 32]} f5 12. O-O e6 13. Bb3 O-O 14. Rac1 Ra8 15. Qc5 Qd8 16. Nc4 Re8 17. Qd6 Bf8 18. Qxd8 Rxd8 19. Nce5 Be7 20. g3 Kg7 21. a3 g5 22. h3 h6 $1 23. g4 Nf6 24. Kg2 Ne4 25. Bc2 {Bxe4 is the strong threat.} Nd6 26. Bb1 Bf6 27. Rfd1 a5 28. Rc5 a4 29. Rdc1 Ra6 30. Bd3 Ra7 31. R1c2 Be7 32. R5c3 Bf6 33. Rc1 Ra5 34. Bc2 Ra6 35. Bd1 Rb6 36. Rb1 Ra6 37. Nd3 Ne4 38. Rc2 (38. Rc4 $16) 38... Bd7 39. Nfe5 Be8 40. f3 Bxe5 41. fxe4 Bd6 $1 42. exf5 exf5 43. gxf5 Ra5 (43... Bf7 $14) 44. Rf2 ({Only move:} 44. e4 $16) 44... Kf6 $2 (44... c5 $11) 45. e4 $18 {Threatens to win with b4.} Bf4 (45... Bc7 $142) 46. e5+ ({Don't play} 46. Nxf4 gxf4 47. Rd2 c5 $18) 46... Kxf5 47. Bc2 (47. Bg4+ $1 $18 {is the precise move to win.} Kg6 48. Nxf4+ gxf4 49. Rxf4) 47... Ke6 $16 48. Nxf4+ gxf4 49. Rxf4 Rad5 (49... Ke7 $16) 50. Rf6+ $1 $18 ({Inferior is} 50. Bxa4 Rxd4 51. Bb3+ Kxe5 $11) 50... Ke7 51. Bf5 $2 ({Resist} 51. Rxh6 $6 Rxd4 52. Kf3 R8d5 $14) (51. Kf3 $1 $18) 51... Bd7 $1 $11 52. Rf1 Rxd4 53. Rf2 Bxf5 54. R6xf5 {[%mdl 4096] Endgame KRR-KRR} Ke6 55. Rf7 (55. Rf6+ $11 Kxe5 56. Rxh6) 55... R8d7 $1 $15 {[%cal Rd7f7]} 56. R7f6+ $1 Kxe5 57. Rxh6 Rd2 {Strongly threatening ...Rxf2+.} 58. Rhf6 {[#]} (58. Rh4 $15) 58... Rxf2+ $2 ({Better is} 58... Rg7+ $1 $17 59. Kf1 {[#]} Rxb2 $1 {[%mdl 512]} 60. R6f5+ Ke6 61. Rf6+ Ke7 62. Rxb2 Kxf6) 59. Rxf2 $17 {KR-KR. The position is equal.} Rg7+ 60. Kh2 c5 61. h4 b5 62. Kh3 b4 63. axb4 cxb4 64. h5 Rg1 65. Kh4 a3 66. bxa3 $1 bxa3 67. h6 {[#]} a2 $1 {[%mdl 512]} 68. Rxa2 {And now Rf2 would win.} Kf6 69. Ra6+ Kf7 70. Ra7+ Kf6 71. h7 Rh1+ 72. Kg4 Kg6 73. Rb7 Rxh7 74. Rxh7 Kxh7 {Blacks defense is rewarded with a draw. Accuracy: White = 75%, Black = 74%.} 1/2-1/2

[Event "Estonian-ch Open 2020"]
[Site "Paul Kerese Malemaja"]
[Date "2020.08.15"]
[Round "8.2"]
[White "Haitin, Ilja"]
[Black "Kanep, Meelis"]
[Result "1/2-1/2"]
[WhiteElo "2357"]
[BlackElo "2465"]
[Annotator "TA"]
[PlyCount "153"]
[EventDate "2020.08.09"]
[EventCountry "EST"]
[SourceTitle "playchess.com"]
[Source "ChessBase"]
[SourceQuality "1"]

{[%evp 26,153,39,9,13,0,0,2,44,43,47,39,62,27,33,17,15,19,64,63,43,35,56,49,77,41,35,27,37,30,44,18,18,0,22,0,112,70,100,81,142,128,100,-6,-1,-5,-13,-112,43,64,60,0,0,0,0,0,0,-95,-100,-90,-90,-104,-50,-154,-92,-89,-93,-104,-99,-101,-70,-71,-70,-66,-34,-77,-70,-68,-25,-77,-77,-85,-70,-85,-47,-80,-81,-76,-83,-99,0,0,0,0,0,0,0,0,0,0,0,0,0,0,0,0,0,0,0,0,0,0,0,0,0,0,0,0,0,0,0,0,0,0,0,0,0,0,0,0]} 1. d4 Nf6 2. c4 e6 3. Nc3 d5 4. cxd5 Nxd5 5. e4 Nxc3 6. bxc3 c5 7. Nf3 cxd4 8. cxd4 Bb4+ 9. Bd2 Bxd2+ 10. Qxd2 O-O 11. Bc4 Nd7 12. O-O b6 13. Rad1 Bb7 14. Rfe1 Rc8 {D41: Queen's Gambit Declined: Semi-Tarrasch with 5 cxd5.} 15. Bb3 h6 16. d5 e5 17. Qb2 Qf6 {[#]} 18. Re3 $146 ({Predecessor:} 18. Rc1 Qd6 19. Rxc8 Rxc8 20. Rc1 Rxc1+ 21. Qxc1 Qc5 22. Qxc5 Nxc5 23. Bc2 f6 24. Nd2 {0-1 (61) Muzychuk,M (2490)-Gaponenko,I (2416) Gaziantep 2012}) 18... Qd6 19. Nh4 g6 20. Rf3 Kg7 21. Rg3 {[#] Threatens to win with Nf5+.} Qf6 22. Nf5+ Kh7 23. Ne3 $1 h5 24. Rf3 Qh4 25. Nc4 (25. Qa3 {feels hotter.} a5 26. Qd6 Qd8 27. Bc4 f6 28. Rb1) 25... Qe7 $1 26. d6 Qe8 27. Re3 Rc5 28. Ree1 Qc8 29. Nd2 f6 30. Nf1 b5 (30... Nb8 $11) 31. f3 Qc6 32. Kh1 Rd8 (32... Nb6 $142) 33. Ne3 $16 Nb6 {[#]} 34. Bd5 (34. g4 $1 $16) 34... Nxd5 $11 35. Nxd5 Rxd6 36. f4 (36. h3 $11) 36... Qe8 $2 (36... exf4 $17 37. Qf2 g5) 37. Qf2 $14 Rcc6 $1 38. Qxa7 ({White should try} 38. fxe5 $1 $14 fxe5 39. Qxa7) 38... Qa8 $11 39. Qf2 {Strongly threatening fxe5.} exf4 40. Qxf4 {aiming for e5!} Qd8 41. Rb1 (41. Qf1 $11 {keeps the balance.}) 41... Rc4 $17 42. Qf1 Bc6 43. h3 f5 (43... Kg7 $17 44. Qe2 Re6) 44. Rbd1 (44. a4 $15) 44... Rxe4 (44... Qh4 $142 45. Qf3 Rxe4 46. Rxe4 Qxe4 47. Qxe4 fxe4) 45. Rxe4 fxe4 46. Ne3 Rxd1 47. Nxd1 Kg7 48. Ne3 Qf6 {...Qxf1+ is the strong threat.} 49. Qc1 Be8 50. a3 Qd4 (50... Qe5 {looks sharper.} 51. Qc8 Bf7 52. Qc1 Be6 53. Qc6 Bg8) 51. Qc7+ Bf7 (51... Kf6 $5 {[%cal Rd4e3]} 52. Nc2 Qd1+ 53. Kh2 Ke6 $17) 52. Qc1 (52. Nc2 $1 $11 {remains equal.} Qb2 53. Kh2) 52... Qe5 53. Kg1 Be6 54. Kh1 g5 55. Qe1 g4 56. hxg4 hxg4 57. g3 Qf6 ({Black should play} 57... Qc5 $17 58. Qa1+ Kf7 59. Qf1+ Ke7) 58. Qc1 $11 {The position is equal.} Qf2 59. Qc5 Qf6 60. Qc7+ Bf7 {And now ...Qh6+ would win.} 61. Ng2 Qa1+ 62. Kh2 Qxa3 63. Qe5+ Kg8 64. Qg5+ Kf8 65. Qd8+ Kg7 {White must now prevent ...Qc5.} 66. Qg5+ Bg6 67. Qxb5 Qf3 68. Qd7+ Kg8 69. Qe6+ Bf7 70. Qe5 Kh7 71. Qe7 Kg7 72. Qe5+ (72. Nf4 {keeps more tension.} Qf2+ 73. Kh1 Qe1+ 74. Kh2 Qd2+ 75. Kh1) 72... Kf8 (72... Kh7 {is more complex.}) 73. Qb8+ Ke7 74. Qc7+ Kf6 75. Qd6+ Be6 76. Qf8+ Bf7 77. Qd6+ {Accuracy: White = 74%, Black = 74%.} 1/2-1/2